000 00338nam a22001337a 4500
020 _a978-1-4462-4918-5
082 _a519.5028
100 _aField, Andy
245 _aDiscovering Statistical Using IBM SPSS Statistics
250 _a4th
260 _aLondon:
_bSAGE Publications,
_c2013
300 _axxxvi, 915p.: ill.; 26cm
942 _cBK
999 _c22199
_d22199